Catalogue de la Bibliothèque de l'ENSA

Indices des prix à la production industrielle 1990-2003, indices des prix de gros des fruits et légumes 1995-2003 (notice nᵒ 19156)

détails MARC
000 -LEADER
fixed length control field 00579nam a2200181Ia 4500
005 - DATE AND TIME OF LATEST TRANSACTION
control field 20200128105724.0
037 ## - SOURCE D'ACQUISITION
Cote BC_br 5432
040 ## - SOURCE DU CATALOGAGE
Origine cataloguage BC-ENSA
Langue du catalogage fre
041 ## - CODE DE LANGUE
Langue Français
110 ## - AUTEUR MORAL
Nom de collectivité Office national des statistiques. Direction technique chargée des statistiques économiques et du suivi de la conjoncture
245 ## - MENTION DU TITRE
Titre Indices des prix à la production industrielle 1990-2003, indices des prix de gros des fruits et légumes 1995-2003
260 ## - PUBLICATION, DIFFUSION, ETC. (ADRESSE BIBLIOGRAPHIQUE)
Lieu d'édition Alger
260 ## - PUBLICATION, DIFFUSION, ETC. (ADRESSE BIBLIOGRAPHIQUE)
Nom de l'éditeur ONS
260 ## - PUBLICATION, DIFFUSION, ETC. (ADRESSE BIBLIOGRAPHIQUE)
Année d'édition 2004
300 ## - DESCRIPTION MATÉRIELLE
Illustration ill.
Nombre de pages 30 cm
562 ## - NOTE D'IDENTIFICATION DES EXEMPLAIRES ET VERSIONS
Numbre d' exemplaire exemplaire(s)
942 ## - ADDED ENTRY ELEMENTS (KOHA)
Type document Ouvrage
Exemplaires
statut de retrait Statut emplacement permanent Localisation actuelle Cote code à barre Koha type d'élément
    Bibliothèque Centrale Bibliothèque Centrale BC_br 5432 BC_br 5432 Ouvrage

Adresse: Ecole Nationale Supérieure Agronomique Hassen Badi - El Harrach Alger, Algérie

Tél +213 (0) 23 82 85 07+213 (0) 23 82 85 12 Fax +213 23 82 85 03/04 Courriel: bibliotheque@edu.ensa.dz